El epílogo de la guerra de 1879
Shranjeno v:
| Glavni avtor: | |
|---|---|
| Format: | Knjiga |
| Jezik: | španščina |
| Izdano: |
Santiago, Chile
Casa Zamorano y Caperán
1925
|
| Teme: | |
| Oznake: |
Označite
Brez oznak, prvi označite!
|
MARC
| LEADER | 00000nam a2200000 a 4500 | ||
|---|---|---|---|
| 001 | UCO2007 | ||
| 003 | CL-VaPUC | ||
| 005 | 20210512001603.0 | ||
| 008 | 000602e19250000CL |||||||||||||||||spa|d | ||
| 999 | |c 288553 |d 288551 | ||
| 040 | |c Pontificia Universidad Católica de Valparaíso | ||
| 082 | 0 | 4 | |a 983.061 GOM 1925 |2 21 |
| 100 | 0 | |a Gómez, Santiago Carlos |9 444631 | |
| 245 | 1 | 3 | |a El epílogo de la guerra de 1879 |
| 260 | |a Santiago, Chile |b Casa Zamorano y Caperán |c 1925 | ||
| 300 | |a 88 páginas | ||
| 583 | |a last modification |c 20000602 00:00:00 |k Rodrigo Vera | ||
| 650 | 0 | |a Historia de Chile |9 265473 | |
| 650 | 0 | |a Guerra del Pacífico |z CHILE |z PERU |9 314886 | |
| 650 | 7 | |a CONFLICTOS LIMITROFES |2 CL-VaPUC |9 444639 |x DIPLOMACIA |z CHILE |z PERU | |
| 650 | 0 | |a Tratados internacionales |z CHILE |z PERU |9 256056 | |
| 852 | |a BIBCUR | ||
| 942 | |c BK |2 ddc | ||
| 945 | |d 20000602 00:00:00 |a crobeson | ||
| 952 | |0 0 |1 0 |2 ddc |4 0 |6 983_061000000000000_GOM_1925 |7 0 |8 X |9 336304 |a BIBHIS |b BIBHIS |d 2019-11-20 |i 1277340 |o 983.061 GOM 1925 |p 1277340 |r 2024-01-30 |t 1 |w 2019-11-20 |y BK_X |k HIS | ||
| 952 | |0 0 |1 0 |2 ddc |4 0 |6 983_061000000000000_GOM_1925 |7 0 |8 X |9 336305 |a FDOBUD |b FDOBUD |d 2019-11-20 |i 1026496 |o 983.061 GOM 1925 |p 1026496 |r 2019-11-20 |t 2 |w 2019-11-20 |y BK_X |k BUD | ||
| 952 | |0 0 |1 0 |2 ddc |4 0 |6 983_061000000000000_GOM_1925 |7 0 |8 X |9 336306 |a FDOBUD |b FDOBUD |d 2019-11-20 |i 1065742 |o 983.061 GOM 1925 |p 1065742 |r 2019-11-20 |t 3 |w 2019-11-20 |y BK_X |k BUD | ||